| 000 | 01170nam a22002535a 4500 | ||
|---|---|---|---|
| 003 | OSt | ||
| 005 | 20170226113608.0 | ||
| 008 | 170226s2011 ua frb 000 0 ara d | ||
| 015 | _a2011 / 7724 | ||
| 020 | _a9789770467228 | ||
| 040 |
_aEG-ScBUE _bara _cEG-ScBUE |
||
| 082 | 0 | 4 |
_a345.025 _bب ح ي _222 |
| 100 | 1 | _aبحيري، أميرة محمد بكر. | |
| 245 | 1 | 2 |
_aالإتجار بالبشر وبخاصة الأطفال : _bمن وجهة النظر العلمية النفسية والاجتماعية والقانونية / _cأميرة محمد بكر البحيري. |
| 260 |
_aالقاهرة : _bدار النهضة العربية، _c2011. |
||
| 300 |
_a731 ص. ؛ _c24 سم. |
||
| 500 | _aثالث أكبر تجارة في العالم - أحدث طرق الرق والاستعباد - الاتجار بالأشخاص أو بالأفراد أو بالأطفال. | ||
| 504 | _aيشتمل على إرجاعات ببليوجرافية. | ||
| 650 | 7 |
_aالإتجار بالبشر (قانون دولي) _2BUEsh |
|
| 650 | 7 |
_aحقوق الأطفال (قانون دولي) _2BUEsh |
|
| 651 | _2BUEsh | ||
| 653 |
_bLLAAWW _cFebruary2017 |
||
| 942 | _2ddc | ||
| 999 |
_c24255 _d24227 |
||